000 00434nam a2200193Ia 4500
005 20240823023145.0
008 240823s9999||||xx |||||||||||||| ||und||
020 _a978-87-7989-745-2
041 _aENGLISH
082 _A299.936 P7
100 _a"Hubbard,Ron L"
245 0 _aSelf Analysis
250 _a1st
260 _c2007
_b"New Era ,De"
500 _aYES
650 _aScience
_bGeneral
942 _cBK
999 _c180875
_d180875